| 000 | 01763cam a22004697a 4500 | ||
|---|---|---|---|
| 001 | 000092043 | ||
| 003 | CHAP | ||
| 005 | 20220329142833.0 | ||
| 008 | 040615d2003 mx abd r 00110 spa d | ||
| 010 | _a88510 | ||
| 011 | _a89482 | ||
| 035 | _a100033 | ||
| 040 | _cCHAP | ||
| 090 | _aTesis | ||
| 100 | 0 | 0 |
_aSoto Herrera, Argelia. _9108883 |
| 245 | 1 | 0 |
_aEtiología e incidencia de la antracnosis de la avena (Avena sativa L.) en Michoacán, México / _c/por Argelia Soto Herrera. |
| 260 |
_aChapingo, Méx. : _bEl autor, _c2003. |
||
| 300 |
_a46 h : _bilus. ; gráfs. ; mapa ; cuadro. |
||
| 502 | _aTesis (Ing. Agr. Esp. en Parasitología Agrícola) -- UACH. Departamento de Parasitología Agrícola | ||
| 590 |
_aALEPH _b10 _c20130110 _lUCH01 _h1459 |
||
| 590 |
_aBATCH-UPD _b10 _c20130110 _lUCH01 _h0654 |
||
| 590 |
_aBATCH-UPD _b10 _c20130410 _lUCH01 _h0339 |
||
| 590 |
_aBATCH-UPD _b10 _c20130914 _lUCH01 _h0434 |
||
| 590 |
_aBATCH-UPD _b10 _c20130914 _lUCH01 _h2032 |
||
| 590 |
_aBATCH-UPD _b10 _c20140324 _lUCH01 _h1445 |
||
| 590 |
_aBATCH-UPD _b10 _c20141002 _lUCH01 _h0822 |
||
| 590 |
_aCONVERSION _b10 _c20130109 _lUCH01 _h1349 |
||
| 590 |
_aE5765TAJ _b10 _c20130624 _lUCH01 _h1208 |
||
| 650 | 1 | 4 |
_aAntracnosis. _96113 |
| 650 | 1 | 4 |
_aAvena _xEnfermedades. _98517 |
| 650 | 1 | 4 |
_aAvena _zMichoacán. _98553 |
| 650 | 1 | 4 |
_aColletotrichum. _925250 |
| 650 | 1 | 4 |
_aHongos fitopatógenos. _956132 |
| 650 | 1 | 4 |
_aPlantas _xEnfermedades por hongos. _988830 |
| 856 |
_3Finding aid _uhttp://10.13.5.2/tesis/100033.pdf _zTeclea aquí |
||
| 901 | _aBK | ||
| 905 | _aMarco A. Mendoza T. | ||
| 942 | _cCD | ||
| 942 | _n0 | ||
| 949 |
_aTesis _bBC _cTES _d1000331 _eTS1 _gDonaciØn _h42133 _i100033 _sb |
||
| 949 |
_aTesis _bBC _cTES _d33724000926721 _eTS2 _fc.2 _gDonaciØn _h42134 _i100033 _si |
||
| 999 |
_c88510 _d88510 |
||